01238nam a22003617a 4500001001300000003000900013005001700022007000300039008003400042040005400076041001000130072001300140090002100153100002600174100001700200100002100217100001800238100002100256110008700277245010900364260003700473300001100510500003300521650002700554650002300581650002100604650001400625650002100639909003600660942000700696999001700703952015600720BR2010005896BR-BrBNA20230928103557.0ta230509b bl.||||| |||| 00| 0 por d aBR-BrBNAbporcBiblioteca Nacional de Agricultura a(Por) aD50; E14  D50 BR20100058961 aFonseca, M.F. de A.C.1 aSouza, C. de1 aSilva, G.R.R. da1 aColnago, N.F.1 aBarbosa, S.C.A. 1 aEmpresa de Pesquisa Agropecuária do Estado do Rio de Janeiro, Niterói (Brasil)1 aAgricultura orgânica: regulamentos técnicos e acesso aos mercados dos produtos orgânicos no Brasil3 aNiterói, RJ (Brasil): c2009.  a119 p. a63 ref.; 4 illus.; 14 tables aAGRICULTURA ORGÂNICA aREGULAMENTAÇÃO aMERCADO NACIONAL aROTULAGEM aECOLOGIA VEGETAL a202309bLuciac55dLucia Elande cBK c75672d75672 002AGRIS40708AGROBASEa41918b41918l0o D50 BR2010005896pD50 BR2010005896r2023-09-25t01yBK10d2023-09-25ePortaria Interministerial nº 164/94